| Tag |
First Indicator |
Second Indicator |
Subfields |
| LEADER |
00000cam a22000001a 4500 |
| 001 |
in00003201608 |
| 006 |
m d f |
| 007 |
cr bn mmmapmmp |
| 008 |
090922s1973 dcua o f000 0 eng d |
| 005 |
20260504162458.0 |
| 035 |
|
|
|a cis2007437639
|
| 040 |
|
|
|a UMI
|c UMI
|d UtOrBLW
|
| 043 |
|
|
|a n-us---
|
| 086 |
0 |
|
|a Y 4.F 76/1:In 2/9
|
| 099 |
|
|
|a HRG-1973-FOA-0034
|
| 110 |
1 |
|
|a United States.
|b Congress.
|b House.
|b Committee on Foreign Affairs.
|
| 245 |
1 |
0 |
|a Situation in Indochina :
|b hearings, Ninety-third Congress, first session, on situation in Indochina--Cease-fire agreement and report on the international conference at Paris /
|c February 8 and March 6, 1973.
|
| 264 |
|
1 |
|a Washington :
|b U.S. Govt. Print. Off,
|c 1973.
|
| 300 |
|
|
|a 1 online resource.
|
| 336 |
|
|
|a text
|b txt
|2 rdacontent
|
| 337 |
|
|
|a computer
|b c
|2 rdamedia
|
| 338 |
|
|
|a online resource
|b cr
|2 rdacarrier
|
| 538 |
|
|
|a System requirements: PDF reader software.
|
| 500 |
|
|
|a Electronic resource.
|
| 650 |
|
0 |
|a Vietnam War, 1961-1975
|x Peace.
|
| 655 |
|
7 |
|a Electronic books.
|2 local
|
| 710 |
2 |
|
|a ProQuest (Firm)
|
| 776 |
0 |
8 |
|i Print version:
|a United States. Congress. House. Committee on Foreign Affairs
|t Situation in Indochina
|w (DLC)73601532 //r90
|
| 776 |
0 |
8 |
|i Microfiche version:
|a United States. Congress. House. Committee on Foreign Affairs
|t Situation in Indochina.
|d [Bethesda, Md.] : ProQuest,[2004]
|o CIS 73 H381-11
|w (ProQuest)cis07300278
|
| 830 |
|
0 |
|a U.S. Congressional Hearings.
|
| 856 |
4 |
0 |
|u http://proxy.library.tamu.edu/login?url=https://congressional.proquest.com/congcomp/getdoc?HEARING-ID=HRG-1973-FOA-0034
|z Connect to the full text of this electronic book
|t 0
|
| 998 |
|
|
|a cis07300278
|
| 999 |
|
|
|a MARS
|
| 999 |
f |
f |
|s 74ee0e1c-12f6-31de-8cee-334fa356f0c6
|i 25e52f3c-7db7-34e2-9f8a-bc4c1719bf06
|t 0
|
| 952 |
f |
f |
|a Texas A&M University
|b College Station
|c Electronic Resources
|s www_evans
|d Available Online
|t 0
|e HRG-1973-FOA-0034
|h Other scheme
|
| 998 |
f |
f |
|a HRG-1973-FOA-0034
|t 0
|l Available Online
|